Estatísticas para Mapa mundial com países mesclados aleatoriamente

Clique aqui para jogar o quiz

Estatísticas Gerais

  • Esse quiz foi jogado 51 vezes
  • A pontuação média é 15 de 20

Respostas no mapa

Respostas codificadas por cores de uma escala verde-vermelha no mapa do quiz de acordo com a % correta abaixo.
 

Estatísticas das Respostas

group namepaís% Correto
países fundidosAfeganistão
100%
países fundidosÁfrica do Sul
100%
países fundidosAlemanha
100%
países fundidosAlemanha
100%
países fundidosAlemanha
100%
países fundidosAlemanha
100%
países fundidosAngola
100%
países fundidosAngola
100%
países fundidosAngola
100%
países fundidosArábia Saudita
100%
países fundidosArábia Saudita
100%
países fundidosArgélia
100%
países fundidosArgélia
100%
países fundidosArgélia
100%
países fundidosArgélia
100%
países fundidosArgentina
100%
países fundidosArgentina
100%
países fundidosArgentina
100%
países fundidosArgentina
100%
países fundidosArmênia
100%
países fundidosÁustria
100%
países fundidosÁustria
100%
países fundidosÁustria
100%
países fundidosÁustria
100%
países fundidosÁustria
100%
países fundidosAzerbaijão
100%
países fundidosBangladesh
100%
países fundidosBélgica
100%
países fundidosBenim
100%
países fundidosBielorrússia
100%
países fundidosBielorrússia
100%
países fundidosBielorrússia
100%
países fundidosBirmânia
100%
países fundidosBirmânia
100%
países fundidosBolívia
100%
países fundidosBolívia
100%
países fundidosBolívia
100%
países fundidosBósnia e Herzegovina
100%
países fundidosBósnia e Herzegovina
100%
países fundidosBotswana
100%
países fundidosBrasil
100%
países fundidosBrasil
100%
países fundidosBrasil
100%
países fundidosBrasil
100%
países fundidosBrasil
100%
países fundidosBrasil
100%
países fundidosBrasil
100%
países fundidosBrasil
100%
países fundidosBulgária
100%
países fundidosBulgária
100%
países fundidosBurkina Faso
100%
países fundidosBurkina Faso
100%
países fundidosCamarões
100%
países fundidosCamarões
100%
países fundidosCamboja
100%
países fundidosCanadá
100%
países fundidosCazaquistão
100%
países fundidosCazaquistão
100%
países fundidosChade
100%
países fundidosChade
100%
países fundidosChade
100%
países fundidosChade
100%
países fundidosChéquia
100%
países fundidosChéquia
100%
países fundidosChéquia
100%
países fundidosChile
100%
países fundidosChina
100%
países fundidosChina
100%
países fundidosChina
100%
países fundidosChina
100%
países fundidosChina
100%
países fundidosChina
100%
países fundidosChina
100%
países fundidosColômbia
100%
países fundidosColômbia
100%
países fundidosColômbia
100%
países fundidosCongo
100%
países fundidosCoreia do Norte
100%
países fundidosCoreia do Norte
100%
países fundidosCoreia do Sul
100%
países fundidosCôte d'Ivoire
100%
países fundidosCroácia
100%
países fundidosEgito
100%
países fundidosEgito
100%
países fundidosEmirados Árabes Unidos
100%
países fundidosEslováquia
100%
países fundidosEslováquia
100%
países fundidosEslovénia
100%
países fundidosEspanha
100%
países fundidosEstados Unidos
100%
países fundidosEstados Unidos
100%
países fundidosEstônia
100%
países fundidosEstônia
100%
países fundidosEtiópia
100%
países fundidosEtiópia
100%
países fundidosEtiópia
100%
países fundidosFrança
100%
países fundidosFrança
100%
países fundidosFrança
100%
países fundidosFrança
100%
países fundidosGabão
100%
países fundidosGuatemala
100%
países fundidosGuiana
100%
países fundidosGuiana
100%
países fundidosGuiné
100%
países fundidosHonduras
100%
países fundidosHungria
100%
países fundidosHungria
100%
países fundidosIémen
100%
países fundidosÍndia
100%
países fundidosÍndia
100%
países fundidosIrão
100%
países fundidosIrão
100%
países fundidosIraque
100%
países fundidosIraque
100%
países fundidosIraque
100%
países fundidosItália
100%
países fundidosItália
100%
países fundidosJordânia
100%
países fundidosJordânia
100%
países fundidosLaos
100%
países fundidosLaos
100%
países fundidosLetónia
100%
países fundidosLetónia
100%
países fundidosLibéria
100%
países fundidosLíbia
100%
países fundidosLíbia
100%
países fundidosLíbia
100%
países fundidosLíbia
100%
países fundidosLituânia
100%
países fundidosMali
100%
países fundidosMali
100%
países fundidosMali
100%
países fundidosMali
100%
países fundidosMauritânia
100%
países fundidosMéxico
100%
países fundidosMoçambique
100%
países fundidosMoçambique
100%
países fundidosMoldávia
100%
países fundidosMongólia
100%
países fundidosNamíbia
100%
países fundidosNepal
100%
países fundidosNíger
100%
países fundidosNíger
100%
países fundidosNíger
100%
países fundidosNíger
100%
países fundidosNigéria
100%
países fundidosNigéria
100%
países fundidosNoruega
100%
países fundidosOmã
100%
países fundidosPaíses Baixos
100%
países fundidosParaguai
100%
países fundidosPeru
100%
países fundidosPeru
100%
países fundidosPeru
100%
países fundidosPolônia
100%
países fundidosPolônia
100%
países fundidosPolônia
100%
países fundidosPolônia
100%
países fundidosQuênia
100%
países fundidosRep Dem do Congo
100%
países fundidosRep Dem do Congo
100%
países fundidosRep Dem do Congo
100%
países fundidosRep Dem do Congo
100%
países fundidosRep Dem do Congo
100%
países fundidosRepública Centro-Africana
100%
países fundidosRepública Centro-Africana
100%
países fundidosRepública Centro-Africana
100%
países fundidosRomênia
100%
países fundidosRomênia
100%
países fundidosRomênia
100%
países fundidosRússia
100%
países fundidosRússia
100%
países fundidosRússia
100%
países fundidosRússia
100%
países fundidosRússia
100%
países fundidosRússia
100%
países fundidosRússia
100%
países fundidosSenegal
100%
países fundidosSérvia
100%
países fundidosSérvia
100%
países fundidosSérvia
100%
países fundidosSíria
100%
países fundidosSíria
100%
países fundidosSíria
100%
países fundidosSomália
100%
países fundidosSudão
100%
países fundidosSudão
100%
países fundidosSudão
100%
países fundidosSudão
100%
países fundidosSudão
100%
países fundidosSudão do Sul
100%
países fundidosSudão do Sul
100%
países fundidosSudão do Sul
100%
países fundidosSudão do Sul
100%
países fundidosSuécia
100%
países fundidosSuriname
100%
países fundidosSuriname
100%
países fundidosTailândia
100%
países fundidosTailândia
100%
países fundidosTajiquistão
100%
países fundidosTanzânia
100%
países fundidosTunísia
100%
países fundidosTunísia
100%
países fundidosTurquemenistão
100%
países fundidosTurquia
100%
países fundidosTurquia
100%
países fundidosTurquia
100%
países fundidosUcrânia
100%
países fundidosUcrânia
100%
países fundidosUcrânia
100%
países fundidosUcrânia
100%
países fundidosUganda
100%
países fundidosUruguai
100%
países fundidosUzbequistão
100%
países fundidosVenezuela
100%
países fundidosVenezuela
100%
países fundidosZâmbia
100%
países fundidosZâmbia
100%
países fundidosZâmbia
100%
países fundidosNíger
83%
países fundidosRússia
80%
países fundidosArábia Saudita
75%
países fundidosBirmânia
75%
países fundidosChade
75%
países fundidosChina
75%
países fundidosFrança
75%
países fundidosJordânia
75%
países fundidosLaos
75%
países fundidosLíbia
75%
países fundidosMali
75%
países fundidosMauritânia
75%
países fundidosNíger
75%
países fundidosSuíça
75%
países fundidosArgélia
71%
países fundidosMali
71%
países fundidosAfeganistão
67%
países fundidosÁfrica do Sul
67%
países fundidosCazaquistão
67%
países fundidosChina
67%
países fundidosColômbia
67%
países fundidosCôte d'Ivoire
67%
países fundidosCôte d'Ivoire
67%
países fundidosEquador
67%
países fundidosEtiópia
67%
países fundidosGuiné
67%
países fundidosGuiné
67%
países fundidosHonduras
67%
países fundidosÍndia
67%
países fundidosLetónia
67%
países fundidosLibéria
67%
países fundidosNamíbia
67%
países fundidosNepal
67%
países fundidosNicarágua
67%
países fundidosSenegal
67%
países fundidosTurquemenistão
67%
países fundidosChina
60%
países fundidosGeórgia
60%
países fundidosAfeganistão
50%
países fundidosAfeganistão
50%
países fundidosAlemanha
50%
países fundidosArgentina
50%
países fundidosAzerbaijão
50%
países fundidosBirmânia
50%
países fundidosBolívia
50%
países fundidosBotswana
50%
países fundidosBrasil
50%
países fundidosBurkina Faso
50%
países fundidosButão
50%
países fundidosCamarões
50%
países fundidosCamarões
50%
países fundidosCamboja
50%
países fundidosChile
50%
países fundidosChina
50%
países fundidosCongo
50%
países fundidosCroácia
50%
países fundidosEritreia
50%
países fundidosEtiópia
50%
países fundidosFinlândia
50%
países fundidosGana
50%
países fundidosGuatemala
50%
países fundidosGuiana
50%
países fundidosGuiné
50%
países fundidosHungria
50%
países fundidosIémen
50%
países fundidosÍndia
50%
países fundidosIrão
50%
países fundidosIrão
50%
países fundidosIraque
50%
países fundidosItália
50%
países fundidosLetónia
50%
países fundidosLíbia
50%
países fundidosLituânia
50%
países fundidosMalawi
50%
países fundidosMarrocos
50%
países fundidosMauritânia
50%
países fundidosMauritânia
50%
países fundidosMéxico
50%
países fundidosMoçambique
50%
países fundidosMoçambique
50%
países fundidosMongólia
50%
países fundidosNigéria
50%
países fundidosNoruega
50%
países fundidosPaquistão
50%
países fundidosParaguai
50%
países fundidosQuênia
50%
países fundidosQuirguistão
50%
países fundidosRepública Centro-Africana
50%
países fundidosRomênia
50%
países fundidosRússia
50%
países fundidosSenegal
50%
países fundidosSerra Leoa
50%
países fundidosSomália
50%
países fundidosSudão
50%
países fundidosSuíça
50%
países fundidosSuíça
50%
países fundidosTailândia
50%
países fundidosTajiquistão
50%
países fundidosTajiquistão
50%
países fundidosTajiquistão
50%
países fundidosUruguai
50%
países fundidosVietname
50%
países fundidosVietname
50%
países fundidosZimbábue
50%
países fundidosZimbábue
50%
países fundidosButão
40%
países fundidosArábia Saudita
33%
países fundidosBielorrússia
33%
países fundidosCongo
33%
países fundidosIndonésia
33%
países fundidosMalásia
33%
países fundidosOmã
33%
países fundidosRepública Centro-Africana
33%
países fundidosZâmbia
33%
países fundidosZimbábue
33%
países fundidosCamboja
25%
países fundidosLaos
25%
países fundidosÁfrica do Sul
0%
países fundidosÁfrica do Sul
0%
países fundidosAlbânia
0%
países fundidosAlbânia
0%
países fundidosAlemanha
0%
países fundidosArábia Saudita
0%
países fundidosArgélia
0%
países fundidosBélgica
0%
países fundidosBenim
0%
países fundidosBielorrússia
0%
países fundidosBolívia
0%
países fundidosBotswana
0%
países fundidosBurkina Faso
0%
países fundidosCazaquistão
0%
países fundidosChéquia
0%
países fundidosChina
0%
países fundidosChina
0%
países fundidosCongo
0%
países fundidosCôte d'Ivoire
0%
países fundidosCôte d'Ivoire
0%
países fundidosEmirados Árabes Unidos
0%
países fundidosEquador
0%
países fundidosEritreia
0%
países fundidosEslováquia
0%
países fundidosEspanha
0%
países fundidosFinlândia
0%
países fundidosFinlândia
0%
países fundidosGana
0%
países fundidosGana
0%
países fundidosGeórgia
0%
países fundidosGrécia
0%
países fundidosGrécia
0%
países fundidosGuiné
0%
países fundidosHaiti
0%
países fundidosHungria
0%
países fundidosÍndia
0%
países fundidosÍndia
0%
países fundidosIndonésia
0%
países fundidosIrão
0%
países fundidosIrão
0%
países fundidosIraque
0%
países fundidosIrlanda
0%
países fundidosLaos
0%
países fundidosLesoto
0%
países fundidosLibéria
0%
países fundidosMacedónia do Norte
0%
países fundidosMacedónia do Norte
0%
países fundidosMalásia
0%
países fundidosMali
0%
países fundidosMarrocos
0%
países fundidosMoçambique
0%
países fundidosMoldávia
0%
países fundidosNamíbia
0%
países fundidosOmã
0%
países fundidosPaíses Baixos
0%
países fundidosPapua Nova Guiné
0%
países fundidosPaquistão
0%
países fundidosPaquistão
0%
países fundidosPaquistão
0%
países fundidosParaguai
0%
países fundidosPeru
0%
países fundidosPolônia
0%
países fundidosPortugal
0%
países fundidosQuênia
0%
países fundidosQuênia
0%
países fundidosQuirguistão
0%
países fundidosQuirguistão
0%
países fundidosReino Unido
0%
países fundidosRep Dem do Congo
0%
países fundidosRepública Centro-Africana
0%
países fundidosRepública Dominicana
0%
países fundidosRomênia
0%
países fundidosRússia
0%
países fundidosSerra Leoa
0%
países fundidosSudão
0%
países fundidosSudão do Sul
0%
países fundidosSuécia
0%
países fundidosTailândia
0%
países fundidosTanzânia
0%
países fundidosTogo
0%
países fundidosTogo
0%
países fundidosTurquemenistão
0%
países fundidosTurquia
0%
países fundidosTurquia
0%
países fundidosUcrânia
0%
países fundidosUganda
0%
países fundidosUganda
0%
países fundidosUzbequistão
0%
países fundidosUzbequistão
0%
países fundidosVenezuela
0%
países fundidosVietname
0%

Distribuição das Pontuações

Percentil de Números Respondidos

Porcentagem de Pessoas com Cada Pontuação

Sua Pontuação Histórica

Você não jogou esse quiz